| 000 | 00600nam a2200181Ia 4500 | ||
|---|---|---|---|
| 003 | GCL | ||
| 005 | 20240530104723.0 | ||
| 008 | 140319s9999 xx 000 0 ara d | ||
| 040 |
_aGCL / _cGCL |
||
| 082 | 0 | 4 |
_a260 _bج م |
| 100 | 1 | _aجمال بدوى | |
| 245 | 1 | 0 |
_aالمسافرون الى الله بلا متاع / _cجمال بدوى |
| 260 |
_aالقاهرة : _bالهيئة المصرية العامة للكتاب ، _c1997 |
||
| 300 |
_a231 ص؛ _c20 سم |
||
| 490 |
_aالهيئة العامة للاستعلامات _v0 |
||
| 650 | 0 | 4 | _aالتصوف الاسلامى |
| 942 |
_2ddc _cBK |
||
| 999 |
_c50137 _d50137 |
||